[Event "Medellin Raza Cup"]
[Site "Medellin"]
[Date "2022.10.21"]
[Round "6"]
[White "Londono, Neider Farid"]
[Black "Panesso Rivera, Henry"]
[Result "0-1"]
[WhiteElo "2103"]
[BlackElo "2358"]
[PlyCount "94"]
[EventDate "2022.10.19"]
[EventType "swiss"]
[EventRounds "10"]
[EventCountry "COL"]
[SourceTitle "EXT 2024"]
[Source "ChessBase"]
[SourceDate "2023.10.10"]
[SourceVersion "1"]
[SourceVersionDate "2023.10.10"]
[SourceQuality "1"]

1. d4 d6 2. c4 e5 3. e3 Nd7 4. Nc3 Ngf6 5. Nf3 g6 6. Be2 Bg7 7. 0-0 0-0 8. Rb1 Re8 9. b4 e4 10. Nd2 Nf8 11. Bb2 h5 12. Nb3 N8h7 13. d5 Ng4 14. h3 Nh6 15. Nb5 Bxb2 16. Rxb2 a6 17. N5d4 Qh4 18. Qe1 Qg5 19. Kh1 Nf6 20. f4 exf3 21. Rxf3 Ne4 22. Nd2 Bf5 23. Bd3 Nxd2 24. Rxd2 Bxd3 25. Rxd3 Re4 26. Qf2 Rae8 27. Kg1 Qe7 28. Qd2 Kh7 29. Rc3 Qe5 30. a4 Re7 31. a5 g5 32. Qf2 Kg6 33. Qc2 Kg7 34. Qb2 g4 35. Rf2 Kg8 36. hxg4 hxg4 37. Qd2 Rxe3 38. Rxe3 Qxe3 39. Qxe3 Rxe3 40. b5 Rc3 41. bxa6 bxa6 42. Rc2 Ra3 43. Nc6 Nf5 44. Kh2 Kg7 45. Rb2 Rc3 46. Nb8 g3+ 47. Kh3 Rxc4 0-1

[Event "Medellin Aristizabal Cup"]
[Site "Medellin"]
[Date "2022.07.11"]
[Round "7"]
[White "Londono, Neider Farid"]
[Black "Giraldo, Emanuel"]
[Result "1-0"]
[WhiteElo "2103"]
[BlackElo "1650"]
[PlyCount "45"]
[EventDate "2022.07.08"]
[EventType "swiss"]
[EventRounds "7"]
[EventCountry "COL"]
[SourceTitle "CBM 209 Extra"]
[Source "ChessBase"]
[SourceDate "2022.09.30"]
[SourceVersion "1"]
[SourceVersionDate "2022.09.30"]
[SourceQuality "1"]

1. Nf3 Nf6 2. g3 g6 3. Bg2 Bg7 4. 0-0 c5 5. c4 0-0 6. Nc3 d6 7. d4 Nc6 8. e3 Bd7 9. b3 Qc8 10. Bb2 Bh3 11. Re1 Bxg2 12. Kxg2 b6 13. d5 Nb8 14. e4 Nbd7 15. e5 Ng4 16. exd6 exd6 17. Ng5 Nh6 18. Qd2 a6 19. Nce4 Qc7 20. Bxg7 Kxg7 21. Qf4 Nf5 22. g4 Nd4 23. Nxd6 1-0

[Event "Medellin Aristizabal Cup"]
[Site "Medellin"]
[Date "2022.07.10"]
[Round "5"]
[White "Londono, Neider Farid"]
[Black "Giraldo Bohorquez, Lucas"]
[Result "1-0"]
[WhiteElo "2103"]
[BlackElo "1807"]
[PlyCount "109"]
[EventDate "2022.07.08"]
[EventType "swiss"]
[EventRounds "7"]
[EventCountry "COL"]
[SourceTitle "CBM 209 Extra"]
[Source "ChessBase"]
[SourceDate "2022.09.30"]
[SourceVersion "1"]
[SourceVersionDate "2022.09.30"]
[SourceQuality "1"]

1. d4 d5 2. Nf3 Nf6 3. g3 c6 4. Bg2 Bg4 5. 0-0 e6 6. Ne5 Bf5 7. c4 Nbd7 8. Bf4 Be7 9. Nc3 0-0 10. Re1 Rc8 11. c5 Nxe5 12. Bxe5 Nd7 13. Bf4 e5 14. dxe5 Nxc5 15. Be3 a5 16. a4 Na6 17. h3 Bc5 18. Bxc5 Nxc5 19. g4 Be6 20. e3 f5 21. exf6 Qxf6 22. f4 Rcd8 23. Qd4 Qe7 24. Rad1 Bc8 25. f5 b6 26. b4 axb4 27. Qxb4 Qe5 28. Qd4 Qg3 29. a5 Ne4 30. Nxe4 dxe4 31. Qxe4 bxa5 32. Qf3 Qxf3 33. Bxf3 Bb7 34. Ra1 Ra8 35. Reb1 Rf7 36. Ra4 Rd7 37. Rba1 c5 38. Bxb7 Rxb7 39. Rxa5 Rxa5 40. Rxa5 Rc7 41. Kf2 c4 42. Ke2 Kf7 43. Ra6 h6 44. Kd2 Rd7+ 45. Ke2 Rc7 46. Re6 c3 47. Kd1 c2+ 48. Kc1 Rc3 49. h4 Rc5 50. e4 Rc4 51. g5 hxg5 52. hxg5 g6 53. Rf6+ Ke7 54. fxg6 Rxe4 55. g7 1-0

[Event "Medellin Easter op 10th"]
[Site "Medellin"]
[Date "2022.04.16"]
[Round "6"]
[White "Londono, Neider Farid"]
[Black "Ruiz Agudelo, Jeronimo"]
[Result "1-0"]
[WhiteElo "2080"]
[BlackElo "1693"]
[PlyCount "47"]
[EventDate "2022.04.13"]
[EventType "swiss"]
[EventRounds "8"]
[EventCountry "COL"]
[SourceTitle "CBM 207 Extra"]
[Source "ChessBase"]
[SourceDate "2022.05.31"]
[SourceVersion "1"]
[SourceVersionDate "2022.05.31"]
[SourceQuality "1"]

1. d4 d5 2. c4 dxc4 3. e3 Nf6 4. Bxc4 e6 5. Nf3 c5 6. 0-0 cxd4 7. Nxd4 a6 8. a4 Bc5 9. Nc3 Bxd4 10. exd4 Nc6 11. Be3 0-0 12. h3 h6 13. Rb1 Qd6 14. d5 exd5 15. Nxd5 Nxd5 16. Bxd5 Qg6 17. Qf3 Bf5 18. Rbc1 Rac8 19. Rc5 Kh8 20. Bxc6 Bd3 21. Bxb7 Rb8 22. Rd1 Rxb7 23. Rxd3 Rxb2 24. Qf5 1-0

[Event "COL-chT"]
[Site "Medellin"]
[Date "2021.12.10"]
[Round "4.1"]
[White "Osorio, Cristhian Camilo"]
[Black "Londono, Neider Farid"]
[Result "1-0"]
[WhiteElo "2185"]
[BlackElo "2085"]
[PlyCount "45"]
[EventDate "2021.12.09"]
[EventType "team-swiss"]
[EventRounds "6"]
[EventCountry "COL"]
[SourceTitle "CBM 205 Extra"]
[Source "ChessBase"]
[SourceDate "2022.01.31"]
[SourceVersion "1"]
[SourceVersionDate "2022.01.31"]
[SourceQuality "1"]
[WhiteTeam "Antioquia Polijic"]
[BlackTeam "Medellin Universidad"]
[WhiteTeamCountry "COL"]
[BlackTeamCountry "COL"]

1. e4 c5 2. Nf3 d6 3. d4 cxd4 4. Nxd4 Nf6 5. Nc3 a6 6. Be3 e5 7. Nb3 Be7 8. Qd2 Be6 9. 0-0-0 Nbd7 10. f4 Ng4 11. g3 Nxe3 12. Qxe3 Rc8 13. Kb1 Qb6 14. Qd2 Nf6 15. f5 Bxb3 16. axb3 0-0 17. Bc4 Qc7 18. Nd5 Nxd5 19. Bxd5 a5 20. h4 Ra8 21. g4 Kh8 22. g5 f6 23. Rh3 1-0

[Event "Medellin Aristizabal Cup"]
[Site "Medellin"]
[Date "2020.11.22"]
[Round "6"]
[White "Londono, Neider Farid"]
[Black "Toro Castaneda, Elizabeth"]
[Result "1-0"]
[WhiteElo "2136"]
[BlackElo "1989"]
[PlyCount "81"]
[EventDate "2020.11.18"]
[EventType "swiss"]
[EventRounds "7"]
[EventCountry "COL"]
[SourceTitle "CBM 199 Extra"]
[Source "ChessBase"]
[SourceDate "2021.01.31"]
[SourceVersion "1"]
[SourceVersionDate "2021.01.31"]
[SourceQuality "1"]

1. d4 Nf6 2. c4 g6 3. Nc3 Bg7 4. g3 0-0 5. Bg2 d6 6. Nf3 c5 7. 0-0 Nc6 8. d5 Na5 9. Nd2 a6 10. Qc2 Rb8 11. Rb1 b5 12. cxb5 axb5 13. b4 Bf5 14. e4 cxb4 15. Rxb4 Bd7 16. Qb1 Ng4 17. Ne2 Ne5 18. Bb2 Nac4 19. Nxc4 bxc4 20. Bd4 Nd3 21. Rxb8 Qxb8 22. Qa1 Bxd4 23. Qxd4 Rc8 24. Nc3 Qb2 25. Rb1 Qc2 26. Bf1 Nxf2 27. Qxf2 Qxc3 28. Rb7 Be8 29. Rxe7 Qa1 30. e5 dxe5 31. d6 Qd4 32. Qxd4 exd4 33. Bxc4 Rd8 34. Re4 Bd7 35. Rxd4 Be6 36. Bxe6 fxe6 37. d7 Kf7 38. Kf2 Ke7 39. Ke3 g5 40. Ke4 h5 41. Ke5 1-0

[Event "Medellin Aristizabal Cup"]
[Site "Medellin"]
[Date "2020.11.21"]
[Round "5"]
[White "Leon Acevedo, Juan Alejandro"]
[Black "Londono, Neider Farid"]
[Result "0-1"]
[WhiteElo "1812"]
[BlackElo "2136"]
[PlyCount "60"]
[EventDate "2020.11.18"]
[EventType "swiss"]
[EventRounds "7"]
[EventCountry "COL"]
[SourceTitle "CBM 199 Extra"]
[Source "ChessBase"]
[SourceDate "2021.01.31"]
[SourceVersion "1"]
[SourceVersionDate "2021.01.31"]
[SourceQuality "1"]

1. d4 Nf6 2. c4 c5 3. d5 e6 4. Nc3 exd5 5. cxd5 d6 6. Nf3 g6 7. g3 Bg7 8. Bg2 0-0 9. 0-0 Re8 10. Bf4 a6 11. a4 Bg4 12. h3 Bxf3 13. Bxf3 Qc7 14. Rc1 Qd7 15. Bg2 b5 16. Qb3 b4 17. Nd1 Qe7 18. e4 Nbd7 19. Re1 Rab8 20. Bd2 a5 21. f3 Nb6 22. Bf1 Nfd7 23. f4 c4 24. Bxc4 Nc5 25. Qa2 Nxe4 26. Nf2 Qa7 27. Nxe4 Nxc4+ 28. Kg2 Rxe4 29. Rxe4 b3 30. Qb1 Nxd2 0-1

[Event "Medellin Aristizabal Cup"]
[Site "Medellin"]
[Date "2020.11.18"]
[Round "1"]
[White "Diaz Larrea, Juan Manuel"]
[Black "Londono, Neider Farid"]
[Result "0-1"]
[WhiteElo "1557"]
[BlackElo "2136"]
[PlyCount "64"]
[EventDate "2020.11.18"]
[EventType "swiss"]
[EventRounds "7"]
[EventCountry "COL"]
[SourceTitle "CBM 199 Extra"]
[Source "ChessBase"]
[SourceDate "2021.01.31"]
[SourceVersion "1"]
[SourceVersionDate "2021.01.31"]
[SourceQuality "1"]

1. e4 c5 2. Nc3 Nc6 3. f4 g6 4. Nf3 Bg7 5. Bc4 e6 6. d3 Nge7 7. 0-0 0-0 8. a3 d5 9. Bb3 a6 10. Qe1 b5 11. Qh4 c4 12. Ba2 Nd4 13. Nxd4 Bxd4+ 14. Kh1 Bxc3 15. bxc3 Nc6 16. Qg3 f5 17. Re1 fxe4 18. dxe4 dxe4 19. Be3 Bb7 20. Bc5 Rf5 21. Rad1 Rd5 22. Qg4 Qf6 23. Bb6 Qf5 24. Qxf5 gxf5 25. Rxd5 exd5 26. Rd1 Nd8 27. g3 Kf7 28. a4 Bc6 29. a5 Ke6 30. Kg2 Be8 31. Kf2 Nc6 32. Bc5 Nxa5 0-1

[Event "COL-chT rapid Online"]
[Site "Chess.com INT"]
[Date "2020.09.19"]
[Round "1.2"]
[White "Escobar Medina, Andres F"]
[Black "Londono, Neider Farid"]
[Result "1-0"]
[WhiteElo "2191"]
[BlackElo "1880"]
[PlyCount "95"]
[EventDate "2020.09.19"]
[EventType "team-tourn (rapid)"]
[EventRounds "5"]
[EventCountry "COL"]
[SourceTitle "CBM 198 Extra"]
[Source "ChessBase"]
[SourceDate "2020.11.30"]
[SourceVersion "1"]
[SourceVersionDate "2020.11.30"]
[SourceQuality "1"]
[WhiteTeam "Antioquia"]
[BlackTeam "Antioquia III"]
[WhiteTeamCountry "COL"]
[BlackTeamCountry "COL"]

1. e4 c5 2. Nf3 Nc6 3. Bb5 g6 4. c3 Bg7 5. d4 cxd4 6. cxd4 a6 7. Ba4 b5 8. Bb3 Bb7 9. 0-0 Na5 10. Bc2 Nf6 11. Re1 0-0 12. Bd2 Nc4 13. Bc3 d5 14. e5 Ne8 15. Nbd2 Nc7 16. b3 Nxd2 17. Qxd2 Ne6 18. Ba5 Qd7 19. h4 Rac8 20. Bd3 Bc6 21. Qe3 Qa7 22. Rad1 Bd7 23. Bb1 Rfe8 24. h5 Rc6 25. g3 Nf8 26. Qf4 Qb8 27. a3 f6 28. hxg6 hxg6 29. Qh4 Kf7 30. Bb4 Qc8 31. Qf4 Ne6 32. Qe3 Nf8 33. Nh4 f5 34. Nf3 Ne6 35. Kg2 Rh8 36. Rh1 Qc7 37. Ng5+ Nxg5 38. Qxg5 Re6 39. Rxh8 Bxh8 40. Rc1 Qd8 41. Bc5 Bg7 42. Rh1 Qc7 43. b4 Qd8 44. f4 Rc6 45. Rh7 Re6 46. Bxf5 Rc6 47. Bxe7 Qxe7 48. Rxg7+ 1-0

[Event "COL-chT rapid Online"]
[Site "Chess.com INT"]
[Date "2020.09.19"]
[Round "3.2"]
[White "Londono, Neider Farid"]
[Black "Gomez Barrero, Sergio"]
[Result "1/2-1/2"]
[WhiteElo "1880"]
[BlackElo "2011"]
[PlyCount "144"]
[EventDate "2020.09.19"]
[EventType "team-tourn (rapid)"]
[EventRounds "5"]
[EventCountry "COL"]
[SourceTitle "CBM 198 Extra"]
[Source "ChessBase"]
[SourceDate "2020.11.30"]
[SourceVersion "1"]
[SourceVersionDate "2020.11.30"]
[SourceQuality "1"]
[WhiteTeam "Antioquia III"]
[BlackTeam "Caqueta"]
[WhiteTeamCountry "COL"]
[BlackTeamCountry "COL"]

1. d4 Nf6 2. c4 c5 3. d5 b5 4. cxb5 a6 5. bxa6 Bxa6 6. Nc3 g6 7. e4 d6 8. Bd3 Nbd7 9. Nge2 Bxd3 10. Qxd3 Bg7 11. 0-0 0-0 12. h3 Ne5 13. Qc2 c4 14. Be3 Qb8 15. a4 Nd3 16. Nb5 Nxe4 17. Qxc4 Nec5 18. b4 Ne5 19. Qh4 Nxa4 20. Ned4 Bf6 21. Bg5 Bxg5 22. Qxg5 Qb7 23. f4 Nc4 24. Rac1 Ne3 25. Rc7 Qxd5 26. Rf3 Qxg5 27. fxg5 Nd5 28. Rc1 Nab6 29. Re1 Nc4 30. Nc3 Nxc3 31. Rxc3 Ne5 32. Rc7 e6 33. Nb5 Nd3 34. Rd1 Nxb4 35. Rxd6 Ra1+ 36. Kh2 Nd5 37. Rb7 Rb1 38. Rdd7 Ne3 39. Nd6 Rxb7 40. Rxb7 Nf1+ 41. Kg1 Ng3 42. Kf2 Nf5 43. Ne4 Kg7 44. g4 Nd4 45. Rd7 Nc6 46. Nc5 Re8 47. Ke3 Ne5 48. Rc7 h6 49. Ke4 Nc4 50. Kd4 Nd2 51. gxh6+ Kxh6 52. Rxf7 e5+ 53. Kc3 Rc8 54. Kxd2 Rxc5 55. Rf3 Kg5 56. Kd3 Ra5 57. Ke4 Kh4 58. Rd3 g5 59. Kf5 Rb5 60. Re3 Ra5 61. Rc3 Rb5 62. Re3 Rb8 63. Rxe5 Rf8+ 64. Kg6 Rg8+ 65. Kh6 Rh8+ 66. Kg7 Ra8 67. Re3 Ra6 68. Kf7 Rb6 69. Kg7 Rc6 70. Kf7 Rd6 71. Re5 Rd3 72. Kf6 Rd6+ 1/2-1/2

[Event "COL-ch sf1"]
[Site "Medellin"]
[Date "2019.04.18"]
[Round "5"]
[White "Rincon Fuquen, Angie Lizeth"]
[Black "Londono, Neider Farid"]
[Result "0-1"]
[WhiteElo "1527"]
[BlackElo "2080"]
[PlyCount "71"]
[EventDate "2019.04.16"]
[EventType "swiss"]
[EventRounds "10"]
[EventCountry "COL"]
[SourceTitle "CBM 190 Extra"]
[Source "ChessBase"]
[SourceDate "2019.07.15"]
[SourceVersion "1"]
[SourceVersionDate "2019.07.15"]
[SourceQuality "1"]

1. d4 Nf6 2. c4 g6 3. Nc3 c5 4. g3 cxd4 5. Qxd4 Bg7 6. Bg2 0-0 7. Nf3 Nc6 8. Qd1 d6 9. Bg5 Be6 10. b3 h6 11. Bd2 Nd7 12. Qc1 Kh7 13. h4 Nc5 14. h5 g5 15. Qc2+ Kh8 16. Rd1 Qc8 17. Qc1 Nb4 18. Be3 Bf5 19. Bxc5 Qxc5 20. e4 Bg4 21. a3 Nc6 22. Rd5 Qb6 23. b4 Be6 24. 0-0 Bxd5 25. Nxd5 Qd8 26. Rd1 e6 27. Ne3 Qe7 28. Ng4 Rac8 29. e5 dxe5 30. Qe3 e4 31. Ne1 f5 32. Nh2 Rfd8 33. Rc1 Bd4 34. Qe2 Ne5 35. Bxe4 fxe4 36. Qxe4 0-1

[Event "COL-ch U20"]
[Site "Medellin"]
[Date "2019.03.15"]
[Round "4"]
[White "Londono, Neider Farid"]
[Black "Leon Acevedo, Juan Alejandro"]
[Result "1-0"]
[WhiteElo "2057"]
[BlackElo "1678"]
[PlyCount "77"]
[EventDate "2019.03.13"]
[EventType "swiss"]
[EventRounds "7"]
[EventCountry "COL"]
[SourceTitle "CBM 189 Extra"]
[Source "ChessBase"]
[SourceDate "2019.06.03"]
[SourceVersion "1"]
[SourceVersionDate "2019.06.03"]
[SourceQuality "1"]

1. e4 c5 2. Nf3 d6 3. d4 cxd4 4. Nxd4 Nf6 5. Nc3 g6 6. Be3 Bg7 7. Bc4 0-0 8. f3 Nc6 9. Bb3 Bd7 10. Qd2 Rc8 11. h4 h5 12. 0-0-0 Ne5 13. Kb1 Re8 14. g4 hxg4 15. h5 Nxh5 16. Bh6 e6 17. Bxg7 Kxg7 18. fxg4 Nxg4 19. Rdg1 Ngf6 20. Nde2 Rh8 21. Qxd6 Bc6 22. Qe5 Qc7 23. Qd4 Rcd8 24. Qe3 b6 25. Nd4 Bb7 26. Rh4 Ng3 27. e5 Nfe4 28. Nxe4 Rxh4 29. Qxg3 Rxd4 30. Qxh4 Qxe5 31. Rh1 Kf8 32. Qh6+ Qg7 33. Nf2 Bxh1 34. Qxh1 Qf6 35. Nd3 Kg7 36. a3 e5 37. Qg1 e4 38. Nf4 e3 39. Nh5+ 1-0

[Event "COL-chB U2200"]
[Site "Antioquia"]
[Date "2018.12.08"]
[Round "4"]
[White "Londono, Neider Farid"]
[Black "Echavarria, Johann"]
[Result "1/2-1/2"]
[WhiteElo "2012"]
[BlackElo "2262"]
[PlyCount "162"]
[EventDate "2018.12.06"]
[EventType "swiss"]
[EventRounds "7"]
[EventCountry "COL"]
[SourceTitle "CBM 190 Extra"]
[Source "ChessBase"]
[SourceDate "2019.07.15"]
[SourceVersion "1"]
[SourceVersionDate "2019.07.15"]
[SourceQuality "1"]

1. e4 c5 2. Nf3 Nc6 3. d4 cxd4 4. Nxd4 Nf6 5. Nc3 e6 6. Nxc6 bxc6 7. Bd3 d5 8. 0-0 Be7 9. exd5 cxd5 10. Bf4 0-0 11. Re1 Qb6 12. Be5 Ba6 13. Re3 Rfc8 14. Rh3 Bxd3 15. Qxd3 h6 16. Re1 Rc4 17. b3 Ng4 18. Qe2 Nxf2 19. Qxf2 Bc5 20. Rhe3 Bxe3 21. Rxe3 Rg4 22. Na4 Qd8 23. Rc3 f6 24. Bg3 e5 25. Qf5 Rd4 26. Qe6+ Kh8 27. h3 Rd1+ 28. Kh2 Qe8 29. Qg4 Rd4 30. Qf5 Qe7 31. Nc5 Re8 32. Qg6 Rb4 33. a3 Rbb8 34. Qf5 d4 35. Rc4 Rbc8 36. b4 Qf7 37. Qf1 Red8 38. Bxe5 Qd5 39. Bg3 Re8 40. Qd3 Re3 41. Qxd4 Qxd4 42. Rxd4 Rxa3 43. Rd3 Ra2 44. c3 Re8 45. Bd6 Ree2 46. Rg3 g5 47. Nb3 Rec2 48. Nd4 Rf2 49. Bc5 f5 50. Nc6 Rf1 51. Rd3 f4 52. Rd8+ Kh7 53. Rd7+ Kg6 54. Rxa7 Rd2 55. Ne7+ Kh5 56. Nf5 Kg6 57. Ne7+ Kh5 58. Nf5 Kg6 59. Ne7+ Kf6 60. Ng8+ Kg6 61. Ne7+ Kh5 62. Nf5 Kg6 63. Ne7+ Kf6 64. Ng8+ Kg6 65. Ne7+ Kf7 66. Nf5+ Kf6 67. Nxh6 Rdd1 68. Ng4+ Kg6 69. Ra6+ Kf7 70. Ra7+ Kg6 71. Nf2 g4 72. hxg4 Rd8 73. Bd4 Rxd4 74. cxd4 Rxf2 75. Ra5 Rd2 76. Ra3 Rb2 77. Rd3 Rxb4 78. d5 Rb8 79. d6 Kg5 80. g3 Kxg4 81. gxf4 Kxf4 1/2-1/2

[Event "Medellin Flores op 25th"]
[Site "Medellin"]
[Date "2018.08.05"]
[Round "5"]
[White "Ruiz Aguilar, Pablo Alexander"]
[Black "Londono, Neider Farid"]
[Result "1-0"]
[WhiteElo "2158"]
[BlackElo "2051"]
[PlyCount "43"]
[EventDate "2018.08.03"]
[EventType "swiss"]
[EventRounds "9"]
[EventCountry "COL"]
[SourceTitle "CBM 185 Extra"]
[Source "ChessBase"]
[SourceDate "2018.07.29"]
[SourceVersion "1"]
[SourceVersionDate "2018.07.29"]
[SourceQuality "1"]

1. e4 c5 2. Nf3 Nc6 3. Nc3 g6 4. d4 cxd4 5. Nxd4 Bg7 6. Be3 Nf6 7. Bc4 Qa5 8. 0-0 0-0 9. Bb3 d6 10. h3 Bd7 11. f4 Rfc8 12. Nf3 Qc7 13. Ng5 Be8 14. f5 Ne5 15. fxg6 hxg6 16. Qe1 Nc4 17. Bxc4 Qxc4 18. Qh4 b5 19. Nd5 Kf8 20. Rxf6 exf6 21. Nh7+ Kg8 22. Ne7+ 1-0

[Event "Medellin Aristizabal Cup"]
[Site "Medellin"]
[Date "2018.07.07"]
[Round "5"]
[White "Londono, Neider Farid"]
[Black "Salcedo Perez, Pablo Esteban"]
[Result "1/2-1/2"]
[WhiteElo "1995"]
[BlackElo "2193"]
[PlyCount "45"]
[EventDate "2018.07.04"]
[EventType "swiss"]
[EventRounds "7"]
[EventCountry "COL"]
[SourceTitle "CBM 185 Extra"]
[Source "ChessBase"]
[SourceDate "2018.07.29"]
[SourceVersion "1"]
[SourceVersionDate "2018.07.29"]
[SourceQuality "1"]

1. d4 d5 2. Nf3 Nf6 3. g3 g6 4. Bg2 Bg7 5. 0-0 0-0 6. c4 e6 7. Nc3 c6 8. Ne5 Nfd7 9. Nxd7 Nxd7 10. cxd5 exd5 11. e3 Re8 12. Bd2 Nf8 13. Qb3 Ne6 14. Rac1 f5 15. Na4 Kh8 16. Nc5 Nxc5 17. Rxc5 g5 18. Qd3 Qf6 19. f4 g4 20. Rfc1 Bd7 21. b4 b5 22. a4 a6 23. a5 1/2-1/2

[Event "Guillermo Garcia Memorial op 27th"]
[Site "Santa Clara"]
[Date "2018.05.30"]
[Round "8"]
[White "Charon Mustelier, Manuel"]
[Black "Londono, Neider Farid"]
[Result "0-1"]
[WhiteElo "2166"]
[BlackElo "1837"]
[PlyCount "104"]
[EventDate "2018.05.22"]
[EventType "swiss"]
[EventRounds "9"]
[EventCountry "CUB"]
[SourceTitle "CBM 184 Extra"]
[Source "ChessBase"]
[SourceDate "2018.06.28"]
[SourceVersion "1"]
[SourceVersionDate "2018.06.28"]
[SourceQuality "1"]

1. e4 c5 2. Nf3 Nc6 3. Nc3 g6 4. d4 cxd4 5. Nxd4 Bg7 6. Be3 Nf6 7. Bc4 Qa5 8. 0-0 0-0 9. Bb3 d6 10. h3 Bd7 11. Re1 Rfd8 12. Nd5 e6 13. Bd2 Qc5 14. Nxc6 Bxc6 15. Bb4 Qb5 16. c4 Qa6 17. Ne7+ Kh8 18. Nxc6 Qxc6 19. Qf3 a5 20. Bc3 e5 21. Bd2 Rf8 22. Bg5 Ng8 23. c5 dxc5 24. Rac1 Rac8 25. Red1 f6 26. Be3 b6 27. h4 Ne7 28. h5 g5 29. Qh3 h6 30. Rd7 g4 31. Qxg4 f5 32. Qxg7+ Kxg7 33. Rxe7+ Kf6 34. Rh7 Qxe4 35. Rd1 f4 36. Rd6+ Kg5 37. Rg7+ Kh4 38. g3+ Kh3 39. gxf4 exf4 40. Be6+ Rf5 41. Bxf5+ Qxf5 42. Kf1 fxe3 43. Rg3+ Kh2 44. Rxe3 Rg8 45. Rdd3 Qxh5 46. Rf3 Rg1+ 47. Ke2 Qe5+ 48. Rfe3 Qxb2+ 49. Rd2 Qc1 50. Rdd3 Re1+ 51. Kf3 Rxe3+ 52. Rxe3 Qd1+ 0-1

[Event "Guillermo Garcia Memorial op 27th"]
[Site "Santa Clara"]
[Date "2018.05.29"]
[Round "7"]
[White "Londono, Neider Farid"]
[Black "Cuenca Gomez, Jesus"]
[Result "0-1"]
[WhiteElo "1837"]
[BlackElo "2262"]
[PlyCount "116"]
[EventDate "2018.05.22"]
[EventType "swiss"]
[EventRounds "9"]
[EventCountry "CUB"]
[SourceTitle "CBM 184 Extra"]
[Source "ChessBase"]
[SourceDate "2018.06.28"]
[SourceVersion "1"]
[SourceVersionDate "2018.06.28"]
[SourceQuality "1"]

1. e4 e5 2. Nf3 Nc6 3. d4 exd4 4. Nxd4 Bc5 5. Be3 Qf6 6. c3 Nge7 7. Bc4 Ne5 8. Bb3 d6 9. f3 0-0 10. 0-0 Bb6 11. Qd2 h6 12. Na3 Bd7 13. Rad1 Rad8 14. c4 Bc8 15. Nab5 c6 16. Nc3 N7g6 17. h3 Nd7 18. f4 Nc5 19. Bc2 Ba5 20. Nde2 Rfe8 21. a3 Bb6 22. b4 Nd7 23. Nd4 Ndf8 24. Na4 Bc7 25. Ne2 a6 26. Nb6 Nd7 27. Nxc8 Rxc8 28. c5 d5 29. Nc3 Qe7 30. Rfe1 d4 31. Qxd4 Rcd8 32. Qd2 Nxc5 33. Qf2 Nd7 34. g3 a5 35. Rb1 Ra8 36. Bc5 Nxc5 37. bxc5 Bb8 38. e5 Ba7 39. Na4 Nf8 40. Rec1 Rad8 41. Nb6 Ne6 42. Bf5 Nd4 43. Bd3 Qe6 44. Kh2 Qe7 45. Bc4 Kh8 46. Bd3 Ne6 47. Bf5 Nc7 48. a4 Na6 49. Rc3 Nb4 50. Rb2 Na6 51. Qe3 Nc7 52. Be4 f6 53. Bg6 Rf8 54. exf6 Qxf6 55. Be4 Rfe8 56. Rd2 Bxb6 57. Rxd8 Qxd8 58. cxb6 Nd5 0-1

[Event "Guillermo Garcia Memorial op 27th"]
[Site "Santa Clara"]
[Date "2018.05.28"]
[Round "6"]
[White "Lavigne Lopez, Raul Leonardo"]
[Black "Londono, Neider Farid"]
[Result "0-1"]
[WhiteElo "2144"]
[BlackElo "1837"]
[PlyCount "80"]
[EventDate "2018.05.22"]
[EventType "swiss"]
[EventRounds "9"]
[EventCountry "CUB"]
[SourceTitle "CBM 184 Extra"]
[Source "ChessBase"]
[SourceDate "2018.06.28"]
[SourceVersion "1"]
[SourceVersionDate "2018.06.28"]
[SourceQuality "1"]

1. d4 Nf6 2. c4 c5 3. d5 g6 4. Nc3 d6 5. e4 Bg7 6. f4 0-0 7. Nf3 e6 8. dxe6 Bxe6 9. Bd3 Qc8 10. 0-0 Nc6 11. a3 Bg4 12. h3 Bxf3 13. Rxf3 Nd4 14. Rf1 Re8 15. f5 Qc6 16. Bg5 Nxe4 17. Bxe4 Rxe4 18. Nxe4 Qxe4 19. Rf2 Nxf5 20. Qg4 Qd3 21. Rd1 Qb3 22. Rfd2 Re8 23. Rf1 h5 24. Qf3 Qxc4 25. b3 Qe6 26. Bf4 Bd4+ 27. Kh2 d5 28. Rdd1 Qc6 29. g4 hxg4 30. hxg4 Nd6 31. Bg5 Qc7 32. Kh3 Ne4 33. Bf4 Qd7 34. Rxd4 cxd4 35. Rc1 Rc8 36. Kh4 Rc3 37. Rxc3 dxc3 38. Qd3 Qxg4+ 39. Kxg4 Nf2+ 40. Kf3 Nxd3 0-1

[Event "COL-ch sf"]
[Site "Medellin"]
[Date "2018.03.16"]
[Round "5"]
[White "Londono, Neider Farid"]
[Black "Largo Chaparro, Sofia Alejandra"]
[Result "1-0"]
[WhiteElo "1799"]
[BlackElo "1438"]
[PlyCount "69"]
[EventDate "2018.03.14"]
[EventType "swiss"]
[EventRounds "10"]
[EventCountry "COL"]
[SourceTitle "CBM 183 Extra"]
[Source "ChessBase"]
[SourceDate "2018.04.19"]
[SourceVersion "1"]
[SourceVersionDate "2018.04.19"]
[SourceQuality "1"]

1. d4 Nf6 2. c4 g6 3. Nc3 Bg7 4. e4 d6 5. Nf3 0-0 6. Be2 Re8 7. 0-0 Nbd7 8. h3 e5 9. d5 a5 10. Be3 b6 11. Qc2 Nc5 12. a3 Bb7 13. Nd2 Qe7 14. Rab1 a4 15. Bxc5 bxc5 16. Nxa4 Qd7 17. Nc3 Reb8 18. Ra1 c6 19. Rfb1 Bc8 20. dxc6 Qxc6 21. Nf1 Bb7 22. Bd3 Bc8 23. Ne3 Bd7 24. Ned5 Nxd5 25. Nxd5 Kf8 26. b4 cxb4 27. axb4 Be6 28. Rxa8 Rxa8 29. b5 Qb7 30. Rb2 Bxd5 31. cxd5 f5 32. Qc6 Qxc6 33. dxc6 fxe4 34. Bxe4 d5 35. Bxd5 1-0